00719nam a22002057a 450000500170000001000150001702000260003203500140005803700130007208200110008524501050009626000380020127000430023930000260028250000500030865000540035865000610041270000220047370000180049520150811113247.0 aENG-113568 a9788125054580c495.00 aEN- 97100 bDBAD/PUB a418.02 aDecentering translation studies :cedited by Judy Wakabayashi [and] Rita KotharibIndia and beyond / aNew DelhibOrient Blackswanc2009 a1/24, Asaf Ali RoadbNew Delhie110002 axiii,223p.c24cm(pbk) aIncludes bibliographical references and index a Translating and interpreting zIndia |x History. a Indic literature xTranslationsxHistory and criticism. aWakabayashi, Judy aKothari, Rita